000 00780nam a2200253 i 4500
001 11761
003 ES-MaACL
005 20230906150153.0
007 t|
008 961021s1996 sp ||||1| spa d
020 _a84-7432-553-6
080 _a830.03=60
100 1 _aRossell Ibern, Anna Maria.
_999837
245 1 0 _aManual de traducción
_b: alemán/castellano /
_cpor Anna Maria Rossell Ibern.
250 _a1ª ed.
260 _aBarcelona :
_bGedisa,
_c1996.
300 _a222 p. ;
_c22 cm.
490 1 _aPráctica, universitaria y técnica
504 _aBibliografía.
650 4 _aLengua alemana-
_xTraducción al español.
_914087
830 0 _aPráctica, universitaria y técnica
_9228217
852 _aES-MaACL
_jL-19119
_bR.125287
999 _c11761
_d11761